Online
Catalog

Los sucesos entre 1965 en República Dominicana Según los archivos ingleses : (Record no. 49386)

MARC details
000 -CABECERA
campo de control de longitud fija 01844nam a2200361 a 4500
001 - NÚMERO DE CONTROL
campo de control
003 - IDENTIFICADOR DEL NÚMERO DE CONTROL
campo de control OSt
005 - FECHA Y HORA DE LA ÚLTIMA TRANSACCIÓN
campo de control 20250621074009.0
008 - DATOS DE LONGITUD FIJA--INFORMACIÓN GENERAL
campo de control de longitud fija 090707s2020 dr c 001 0 spa d
020 ## - NÚMERO INTERNACIONAL ESTÁNDAR DEL LIBRO
Número Internacional Estándar del Libro 9789945613391
040 ## - FUENTE DE LA CATALOGACIÓN
Centro catalogador/agencia de origen DO-SdBNP
Lengua de catalogación spa
Centro/agencia transcriptor BNPHU
049 ## - FONDOS LOCALES (OCLC)
Fondos de biblioteca
082 #4 - NÚMERO DE LA CLASIFICACIÓN DECIMAL DEWEY
Número de clasificación 972.93054
Número de documento/Ítem S942m
Número de edición 22
240 ## - TÍTULO UNIFORME
Título uniforme The events of 1965 in the Dominican Republic. Documents from the United Kingdom´s National Archives
Lenguaje de la obra Español
245 10 - MENCIÓN DE TÍTULO
Título Los sucesos entre 1965 en República Dominicana Según los archivos ingleses :
Resto del título documentos de los archivos nacionales del Reino Unido /
Mención de responsabilidad, etc. presentación Steven Fisher ; traducción Lisa Marra; edición Kary Alba Rocha
260 ## - PUBLICACIÓN, DISTRIBUCIÓN, ETC.
Lugar de publicación, distribución, etc. Santo Domingo :
Nombre del editor, distribuidor, etc. Archivo General de la Nación ;
-- Sociedad Dominicana de Bibliófilos,
Fecha de publicación, distribución, etc. 2020
300 ## - DESCRIPCIÓN FÍSICA
Extensión 434 p. ;
Dimensiones 23 cm.
490 1# - MENCIÓN DE SERIE
Mención de serie Archivo General de la Nación,
Designación de volumen o secuencia 375
490 1# - MENCIÓN DE SERIE
Mención de serie Sociedad Dominicana de Bibliófilos
Designación de volumen o secuencia 37
500 ## - NOTA GENERAL
Nota general Incluye referencias bibliográficas y notas al pie de las páginas
500 ## - NOTA GENERAL
Nota general Incluye índice onomástico
505 0# - NOTA DE CONTENIDO CON FORMATO
Nota de contenido con formato Introducción a la primera edición en español /
Mención de responsabilidad Bernardo Vega
Título Prólogo I a la Presentación a la primera edición en inglés /
Mención de responsabilidad Steven Fischer
Título Prólogo II a la primera edición en inglés /
Mención de responsabilidad Chris Campbell
Título Documentos de los archivos nacionales del Reino Unido
590 ## - NOTA LOCAL (RLIN)
Nota local Inventariado, 2020/VM
651 #4 - PUNTO DE ACCESO ADICIONAL DE MATERIA--NOMBRE GEOGRÁFICO
Nombre geográfico República Dominicana
Subdivisión general Historia
Subdivisión cronológica 1965
9 (RLIN) 10221
Subdivisión de forma Fuentes
651 #0 - PUNTO DE ACCESO ADICIONAL DE MATERIA--NOMBRE GEOGRÁFICO
Nombre geográfico República Dominicana
Subdivisión general Política y gobierno
9 (RLIN) 45
700 ## - PUNTO DE ACCESO ADICIONAL--NOMBRE DE PERSONA
Nombre de persona Fisher, Steven
Término indicativo de función/relación presentación
9 (RLIN) 77795
700 ## - PUNTO DE ACCESO ADICIONAL--NOMBRE DE PERSONA
Nombre de persona Marra, Lisa
Término indicativo de función/relación tr.
9 (RLIN) 77796
700 ## - PUNTO DE ACCESO ADICIONAL--NOMBRE DE PERSONA
Nombre de persona Rocha, Kary Alba
Término indicativo de función/relación ed.
9 (RLIN) 77797
710 2# - PUNTO DE ACCESO ADICIONAL--NOMBRE DE ENTIDAD CORPORATIVA
Nombre de entidad corporativa o nombre de jurisdicción como elemento de entrada Sociedad Dominicana de Bibliófilos
9 (RLIN) 73174
830 ## - PUNTO DE ACCESO ADICIONAL DE SERIE-TÍTULO UNIFORME
Título uniforme Archivo General de la Nación,
Número de parte o sección de la obra 375
Nombre de parte o sección de la obra Sociedad Dominicana de Bibliófilos
Número de parte o sección de la obra 37
9 (RLIN) 77799
910 ## - DATOS DE OPCIÓN DEL USUARIO (OCLC)
Datos de opción del usuario VMateo
942 ## - ELEMENTOS DE PUNTO DE ACCESO ADICIONAL (KOHA)
Fuente del sistema de clasificación o colocación Dewey Decimal Classification
Tipo de ítem Koha Libro
Holdings
Estado de retiro Estado de pérdida Fuente del sistema de clasificación o colocación Restricciones de uso No para préstamo Código de colección Localización permanente Ubicación/localización actual Ubicación en estantería Fecha de adquisición Fuente de adquisición Total de préstamos Signatura topográfica completa Código de barras Fecha visto por última vez Precio válido a partir de Tipo de ítem Koha Número de copia
    Dewey Decimal Classification Préstamo en sala   Monografías: Libros y Folletos Biblioteca Nacional Pedro Henríquez Ureña General Depósito 16.02.2021 Editora Búho   BNPHU DS 972.93054 S942m 2021-0220 16.02.2021 16.02.2021 Libro e.3
    Dewey Decimal Classification Préstamo en sala   Monografías: Libros y Folletos Biblioteca Nacional Pedro Henríquez Ureña General Depósito 16.02.2021 Editora Búho   BNPHU DS 972.93054 S942m 2021-0221 16.02.2021 16.02.2021 Libro e.4
    Dewey Decimal Classification Préstamo en sala   Monografías: Libros y Folletos Biblioteca Nacional Pedro Henríquez Ureña General Depósito 16.02.2021 Editora Búho   BNPHU DS 972.93054 S942m 2021-0222 16.02.2021 16.02.2021 Libro e.5
    Dewey Decimal Classification Excluido de préstamo Excluido de préstamo Monografías: Libros y Folletos Biblioteca Nacional Pedro Henríquez Ureña Patrimonio Dominicano Depósito 16.02.2021 Editora Búho   BNPHU PD 972.93054 S942m 2021-0218 16.02.2021 16.02.2021 Libro  
    Dewey Decimal Classification Excluido de préstamo Préstamo restrigido Monografías: Libros y Folletos Biblioteca Nacional Pedro Henríquez Ureña Patrimonio Dominicano Depósito 16.02.2021 Editora Búho   BNPHU PD 972.93054 S942m 2021-0219 16.02.2021 16.02.2021 Libro e.2

Powered by Koha